000
00306nam a2200121Ia 4500
008
220204s9999 xx 000 0 und d
082
_a
657
_b
COR
100
_a
Corbett, Peter
245
0
_a
Accounting and decision making
260
_a
London
_b
Longman
_c
1977
490
_a
Understandig business
942
_c
BK
999
_c
27331
_d
27331